| 000 | 00694nas a2200241 4500 | ||
|---|---|---|---|
| 001 | BR2010002136 | ||
| 003 | BR-BrBNA | ||
| 005 | 20231205114201.0 | ||
| 007 | ta | ||
| 008 | 230509b bl.|||p| |||| 00| 00por d | ||
| 040 |
_aBR-BrBNA _bpor _cBiblioteca Nacional de Agricultura |
||
| 041 | _a(Pt) | ||
| 072 | _aE14; N01 | ||
| 100 | 1 | _a(Anon.) | |
| 245 | 1 | _aInfraestrutura; mais hidrovias | |
| 650 | _aHIDROVIA | ||
| 650 | _aTRANSPORTE FLUVIAL | ||
| 650 | _aPROJETO DE DESENVOLVIMENTO | ||
| 650 | _aENGENHARIA HIDRÁULICA | ||
| 773 | 0 |
_tAgroanalysis (Brazil) _xISSN 0100-4298 _g(Mar 2010), v. 30(3) p. 30 _wBR2010002136 |
|
| 909 |
_a202311 _bLúcia _c55 _dLúcia Elande |
||
| 942 |
_2AGRIS _n0 _cANA |
||
| 999 |
_c207480 _d207480 |
||